Foundations of education : (Record no. 32338)

000 -LEADER
fixed length control field 00984nam a22002297a 4500
008 - FIXED-LENGTH DATA ELEMENTS--GENERAL INFORMATION
fixed length control field 260120b |||||||| |||| 00| 0 eng d
020 ## - INTERNATIONAL STANDARD BOOK NUMBER
International Standard Book Number 2016044181.
050 ## - LIBRARY OF CONGRESS CALL NUMBER
Classification number HV1626
Item number .F65 2017
245 ## - TITLE STATEMENT
Title Foundations of education :
Remainder of title history and theory of teaching children and youths with visual impairments /
Statement of responsibility, etc. Cay Holbrook, Tessa McCarthy, Cheryl Kamei-Hannan, editors.
250 ## - EDITION STATEMENT
Edition statement Third edition.
260 ## - PUBLICATION, DISTRIBUTION, ETC. (IMPRINT)
Place of publication, distribution, etc. Washington, DC :
Name of publisher, distributor, etc. American Foundation for the Blind Press,
Date of publication, distribution, etc. 2017.
300 ## - PHYSICAL DESCRIPTION
Extent xix, 529p. :
Other physical details illustrations ;
Dimensions 26 cm.
504 ## - BIBLIOGRAPHY, ETC. NOTE
Bibliography, etc Includes bibliographical references and index.
650 ## - SUBJECT ADDED ENTRY--TOPICAL TERM
Topical term or geographic name as entry element People with visual disabilities
General subdivision Education
650 ## - SUBJECT ADDED ENTRY--TOPICAL TERM
Topical term or geographic name as entry element Children with visual disabilities
General subdivision Education
650 ## - SUBJECT ADDED ENTRY--TOPICAL TERM
Topical term or geographic name as entry element Visually impaired youth
General subdivision Education
650 ## - SUBJECT ADDED ENTRY--TOPICAL TERM
Topical term or geographic name as entry element Special education.
700 ## - ADDED ENTRY--PERSONAL NAME
Personal name Holbrook, M. Cay,
Relator term editor.
700 ## - ADDED ENTRY--PERSONAL NAME
Personal name McCarthy, Tessa,
Relator term editor.
700 ## - ADDED ENTRY--PERSONAL NAME
Personal name Kamei-Hannan, Cheryl,
Relator term editor.
942 ## - ADDED ENTRY ELEMENTS (KOHA)
Source of classification or shelving scheme
Classification part HV1626 .F65 2017
Koha item type Hard Covered Materials
Holdings
Withdrawn status Lost status Source of classification or shelving scheme Damaged status Not for loan Home library Current library Shelving location Date acquired Source of acquisition Cost, normal purchase price Total Checkouts Full call number Barcode Date last seen Price effective from Koha item type
          MACHAKOS UNIVERSITY LIBRARY MACHAKOS UNIVERSITY LIBRARY Open shelf 17/11/2025 Turaco book house 16500.00   HV1626 .F65 2017 40290 28/01/2026 20/01/2026 Hard Covered Materials
© Machakos University Library, Along The Highway, Machakos Wote Rd, Machakos, Kenya P.O. Box 136 - 90100 Machakos - Kenya

Tel: ( +254 ) 723 805829 OR Fax : 044-20353 OR Email: library@mksu.ac.ke